| Current Events - U.S. | 2 | 15.00 | 100% | 50% | 0% |
| Current Events - World | 4 | 20.00 | 75% | 75% | 50% |
| Fine Arts - Ballet/Dance | 1 | 20.00 | 100% | 100% | 0% |
| Fine Arts - Film | 1 | 20.00 | 100% | 100% | 0% |
| Fine Arts - Jazz | 1 | 10.00 | 100% | 0% | 0% |
| Fine Arts - Miscellaneous | 2 | 15.00 | 100% | 50% | 0% |
| Fine Arts - Music | 8 | 16.25 | 63% | 63% | 38% |
| Fine Arts - Opera | 1 | 20.00 | 100% | 100% | 0% |
| Fine Arts - Painting | 7 | 24.29 | 86% | 100% | 57% |
| Fine Arts - Photography | 2 | 15.00 | 100% | 50% | 0% |
| Fine Arts - Sculpture | 3 | 23.33 | 100% | 33% | 100% |
| Geography - Europe | 1 | 20.00 | 100% | 100% | 0% |
| Geography - United States | 1 | 20.00 | 100% | 100% | 0% |
| Geography - World | 2 | 20.00 | 100% | 100% | 0% |
| History - American | 13 | 23.08 | 92% | 85% | 54% |
| History - Cross, Historiography, and Miscellaneous | 9 | 24.44 | 100% | 78% | 67% |
| History - European | 12 | 25.83 | 92% | 100% | 67% |
| History - World | 7 | 22.86 | 100% | 86% | 43% |
| Literature - American | 13 | 20.77 | 92% | 85% | 31% |
| Literature - British | 10 | 21.00 | 100% | 80% | 30% |
| Literature - European | 10 | 25.00 | 100% | 80% | 70% |
| Literature - World and Miscellaneous | 4 | 25.00 | 100% | 100% | 50% |
| Other - Other Academic and General Knowledge | 9 | 18.89 | 78% | 67% | 44% |
| RMP - Buddhism | 1 | 20.00 | 100% | 100% | 0% |
| RMP - Christian Practice | 1 | 10.00 | 100% | 0% | 0% |
| RMP - East Asian Religion | 1 | 20.00 | 100% | 100% | 0% |
| RMP - Greco-Roman Mythology | 3 | 30.00 | 100% | 100% | 100% |
| RMP - Hebrew Bible | 1 | 20.00 | 100% | 100% | 0% |
| RMP - Hinduism | 2 | 15.00 | 100% | 50% | 0% |
| RMP - New Testament | 2 | 10.00 | 100% | 0% | 0% |
| RMP - Other Religion | 1 | 20.00 | 100% | 0% | 100% |
| RMP - Philosophy | 5 | 18.00 | 100% | 40% | 40% |
| RMP - World Mythology | 7 | 24.29 | 100% | 86% | 57% |
| Science - Astronomy | 2 | 20.00 | 100% | 50% | 50% |
| Science - Biology | 9 | 15.56 | 89% | 56% | 11% |
| Science - Chemistry | 7 | 18.57 | 86% | 71% | 29% |
| Science - Computer Science | 2 | 5.00 | 50% | 0% | 0% |
| Science - Earth | 4 | 15.00 | 100% | 50% | 0% |
| Science - Engineering and Miscellaneous | 2 | 10.00 | 100% | 0% | 0% |
| Science - Math | 4 | 17.50 | 100% | 50% | 25% |
| Science - Physics | 11 | 20.00 | 100% | 73% | 27% |
| Social Science - Economics | 1 | 20.00 | 100% | 100% | 0% |
| Social Science - Linguistics | 1 | 20.00 | 100% | 0% | 100% |
| Social Science - Other | 1 | 10.00 | 100% | 0% | 0% |
| Social Science - Psychology | 3 | 13.33 | 100% | 33% | 0% |
| Social Science - Sociology | 1 | 10.00 | 100% | 0% | 0% |